000 00268nam a2200109Ia 4500
008 201224s9999 xx 000 0 und d
100 _aSmelser, Neil J.
245 0 _a(The) Sociology of Economic Life
260 _aNew Delhi
_bPrentice Hall
300 _a120
942 _cBK
999 _c8904
_d8904